[Event "37. Copenhagen Open (Politiken Cup)"]
[Site "Elsinore"]
[Date "2015.07.30"]
[Round "7"]
[White "Rolvag, Mikael"]
[Black "Szumniak, Jedrzej"]
[Result "1-0"]
[WhiteElo "2193"]
[BlackElo "1975"]
[PlyCount "85"]
[EventDate "2015.07.25"]
[EventType "swiss"]
[EventRounds "10"]
[EventCountry "DEN"]
[Source "ChessBase"]
[SourceDate "2015.09.14"]

1. d4 d5 2. c4 c6 3. e3 Nf6 4. Nf3 a6 5. Bd3 b5 6. b3 Bg4 7. Nbd2 Nbd7 8. h3
Bh5 9. Bb2 e6 10. Qc2 Bd6 11. O-O Rc8 12. c5 Bb8 13. a4 Qe7 14. axb5 axb5 15.
b4 e5 16. Nxe5 Nxe5 17. dxe5 Bxe5 18. Bxe5 Qxe5 19. Nb3 Bg6 20. Nd4 Nd7 21. Ra6
Bxd3 22. Qxd3 Qf6 23. Qf5 Qxf5 24. Nxf5 Kf8 25. Nd6 Ke7 26. Nxc8+ Rxc8 27. Rd1
Ne5 28. Rd4 f5 29. Kf1 h6 30. Ke2 g5 31. Rd2 f4 32. Rda2 fxe3 33. fxe3 Rf8 34.
Ra8 Rf6 35. R2a7+ Ke6 36. Re8+ Kf5 37. g4+ Nxg4 38. hxg4+ Kxg4 39. Rd7 h5 40.
Rd6 Rf3 41. Rxc6 h4 42. Rg6 Rf5 43. c6 1-0

[Event "37. Copenhagen Open (Politiken Cup)"]
[Site "Elsinore"]
[Date "2015.07.30"]
[Round "7"]
[White "Rosenkilde, Alexander"]
[Black "Vesterli, Michael E"]
[Result "1-0"]
[WhiteElo "2225"]
[BlackElo "2067"]
[PlyCount "59"]
[EventDate "2015.07.25"]
[EventType "swiss"]
[EventRounds "10"]
[EventCountry "DEN"]
[Source "ChessBase"]
[SourceDate "2015.09.14"]

1. d4 Nf6 2. c4 c5 3. d5 b5 4. cxb5 a6 5. bxa6 g6 6. Nc3 Bxa6 7. Nf3 Bg7 8. g3
d6 9. Bg2 Nbd7 10. Rb1 O-O 11. O-O Qa5 12. Bd2 Nb6 13. b3 Bb7 14. Qc2 Qa7 15.
e4 Ne8 16. a4 Nc7 17. Rfe1 c4 18. Be3 Rfb8 19. b4 Qa6 20. a5 Nd7 21. Na4 Nb5
22. Qxc4 Na3 23. Qb3 Nxb1 24. Bf1 Bxd5 25. Qxd5 Nf6 26. Qa2 Qb7 27. Rxb1 Nxe4
28. a6 Qd7 29. b5 d5 30. Bf4 1-0

[Event "37. Copenhagen Open (Politiken Cup)"]
[Site "Elsinore"]
[Date "2015.07.30"]
[Round "7"]
[White "Rossen, Claus"]
[Black "Jensen, Tobias Ilsoe"]
[Result "1-0"]
[WhiteElo "2193"]
[BlackElo "2014"]
[PlyCount "65"]
[EventDate "2015.07.25"]
[EventType "swiss"]
[EventRounds "10"]
[EventCountry "DEN"]
[Source "ChessBase"]
[SourceDate "2015.09.14"]

1. d4 Nf6 2. c4 e6 3. Nc3 Bb4 4. Qc2 d5 5. cxd5 exd5 6. a3 Bxc3+ 7. bxc3 O-O 8.
Nf3 b6 9. Bg5 Ba6 10. Ne5 c5 11. e3 Bxf1 12. Kxf1 Qd6 13. h4 Nc6 14. Bxf6 gxf6
15. Ng4 Qe6 16. Qf5 Kg7 17. Qh5 f5 18. Qg5+ Qg6 19. Nh6 Qxg5 20. hxg5 Kg6 21.
f4 f6 22. gxf6 Kxf6 23. Kf2 cxd4 24. cxd4 Rac8 25. g4 fxg4 26. Nxg4+ Kg7 27.
Rag1 Kh8 28. Rh6 Nxd4 29. exd4 Rxf4+ 30. Ke3 Re4+ 31. Kd3 Rg8 32. Nf6 Rg7 33.
Rxh7+ 1-0

[Event "37. Copenhagen Open (Politiken Cup)"]
[Site "Elsinore"]
[Date "2015.07.30"]
[Round "7"]
[White "Salerno, Christian"]
[Black "Rasmussen, Morten Fredsgaard"]
[Result "1/2-1/2"]
[WhiteElo "2129"]
[BlackElo "1932"]
[PlyCount "30"]
[EventDate "2015.07.25"]
[EventType "swiss"]
[EventRounds "10"]
[EventCountry "DEN"]
[Source "ChessBase"]
[SourceDate "2015.09.14"]

1. e4 c6 2. d4 d5 3. exd5 cxd5 4. c4 Nf6 5. Nc3 e6 6. Nf3 Bb4 7. Qc2 Nc6 8. a3
Bxc3+ 9. bxc3 Qc7 10. c5 b6 11. Bb5 Bd7 12. Bxc6 Bxc6 13. cxb6 axb6 14. O-O Bb5
15. Re1 Ne4 1/2-1/2

[Event "37. Copenhagen Open (Politiken Cup)"]
[Site "Elsinore"]
[Date "2015.07.30"]
[Round "7"]
[White "Sande, Odmund"]
[Black "Carnstam, Tomas"]
[Result "1/2-1/2"]
[WhiteElo "1898"]
[BlackElo "2034"]
[PlyCount "113"]
[EventDate "2015.07.25"]
[EventType "swiss"]
[EventRounds "10"]
[EventCountry "DEN"]
[Source "ChessBase"]
[SourceDate "2015.09.14"]

1. d4 c5 2. d5 e5 3. c4 f5 4. Nc3 d6 5. e4 Be7 6. Bd3 f4 7. g3 fxg3 8. hxg3 Nf6
9. Bd2 Bg4 10. f3 Bh5 11. Qc2 Bg6 12. O-O-O Nbd7 13. Nh3 Nf8 14. f4 N6d7 15.
Rdf1 Qb6 16. Ng1 a6 17. Nf3 Bf6 18. f5 Bf7 19. g4 O-O-O 20. g5 Be7 21. Rh2 Bg8
22. Ne2 Nb8 23. Ng3 Nfd7 24. Rfh1 Bf8 25. Bc3 h6 26. Bd2 Re8 27. gxh6 gxh6 28.
Bxh6 Nf6 29. Bxf8 Rxh2 30. Rxh2 Rxf8 31. Ng5 Bf7 32. Nxf7 Rxf7 33. Rh8+ Kc7 34.
Qd2 Nbd7 35. Nh5 Nxh5 36. Rxh5 Qb4 37. a3 Qb3 38. Qd1 Qxd1+ 39. Kxd1 Nf6 40.
Rh6 b5 41. b3 b4 42. a4 a5 43. Rg6 Kd7 44. Kd2 Ke7 45. Ke3 Rh7 46. Be2 Kf7 47.
Bf3 Rh2 48. Bg2 Rh4 49. Rg3 Rg4 50. Rxg4 Nxg4+ 51. Kf3 Nh6 52. Kg3 Kf6 53. Kh4
Nf7 54. Kh5 Kg7 55. Bh3 Kf6 56. Bg2 Kg7 57. Bh3 1/2-1/2

[Event "37. Copenhagen Open (Politiken Cup)"]
[Site "Elsinore"]
[Date "2015.07.30"]
[Round "7"]
[White "Schandorff, Lars"]
[Black "Harvey, Marcus Ross"]
[Result "1-0"]
[WhiteElo "2520"]
[BlackElo "2320"]
[PlyCount "143"]
[EventDate "2015.07.25"]
[EventType "swiss"]
[EventRounds "10"]
[EventCountry "DEN"]
[Source "ChessBase"]
[SourceDate "2015.09.14"]

1. d4 e6 2. c4 Nf6 3. Nf3 Bb4+ 4. Bd2 Qe7 5. g3 O-O 6. Bg2 Bxd2+ 7. Qxd2 d6 8.
Nc3 e5 9. O-O Re8 10. e4 Bg4 11. Ne1 exd4 12. Qxd4 Nc6 13. Qd2 Qd7 14. f3 Bh3
15. Nc2 Bxg2 16. Kxg2 Ne5 17. Ne3 Qc6 18. Rac1 a5 19. b3 Ned7 20. Nf5 g6 21.
Nd4 Qb6 22. Rfd1 Re5 23. Na4 Qa6 24. Nb5 Qc6 25. Nd4 Qa6 26. Nb5 Qc6 27. Re1
Kg7 28. Nd4 Qa6 29. Nb5 Qc6 30. Nbc3 Nc5 31. Nxc5 Qxc5 32. Nd5 c6 33. f4 Ree8
34. Nc7 Nxe4 35. Qb2+ Kg8 36. Nxa8 f5 37. Nc7 Re7 38. Nb5 cxb5 39. cxb5 Qd5 40.
Kg1 Qxb5 41. Qd4 Qe8 42. Qd5+ Kg7 43. Qxa5 Kh6 44. Qb4 Qa8 45. Rc2 Qa6 46. Kg2
Rc7 47. Rce2 Qd3 48. a4 Rc3 49. Qb6 Rxb3 50. Qd8 Qf3+ 51. Kg1 b6 52. Qf8+ Kh5
53. Qg7 h6 54. Qe7 Qg4 55. Rg2 Re3 56. Rf1 d5 57. Qd8 Nc3 58. Qxb6 d4 59. a5
Ne2+ 60. Kh1 Rf3 61. Qb1 Ra3 62. Qd1 Nc3 63. Qc1 Rxa5 64. h3 Qxh3+ 65. Rh2 Kg4
66. Rxh3 Kxh3 67. Rf3 Ne4 68. Qf1+ Kg4 69. Rd3 Ra2 70. Qf3+ Kh3 71. g4+ Kh4 72.
Qh3# 1-0

[Event "37. Copenhagen Open (Politiken Cup)"]
[Site "Elsinore"]
[Date "2015.07.30"]
[Round "7"]
[White "Schmied, Andreas"]
[Black "Marthedal, Anton Mehmet Yildiz"]
[Result "1-0"]
[WhiteElo "2047"]
[BlackElo "1811"]
[PlyCount "63"]
[EventDate "2015.07.25"]
[EventType "swiss"]
[EventRounds "10"]
[EventCountry "DEN"]
[Source "ChessBase"]
[SourceDate "2015.09.14"]

1. e4 c6 2. d4 d5 3. f3 dxe4 4. fxe4 Nf6 5. e5 Nd5 6. Nf3 Bg4 7. Be2 e6 8. O-O
Be7 9. c4 Nc7 10. Be3 O-O 11. Qb3 b6 12. Nc3 Nba6 13. Rad1 Rc8 14. Kh1 f6 15.
h3 Bf5 16. Nh4 fxe5 17. Nxf5 exf5 18. c5+ Kh8 19. cxb6 axb6 20. dxe5 Qe8 21.
Bxa6 Nxa6 22. Qxb6 Nb4 23. Qb7 Rb8 24. Qd7 Nc2 25. Bc1 Bh4 26. Qd3 Ne1 27.
Rdxe1 Bxe1 28. Rxe1 Rd8 29. Qg3 Qf7 30. Bf4 Qb7 31. Nd1 Qb4 32. e6 1-0

[Event "37. Copenhagen Open (Politiken Cup)"]
[Site "Elsinore"]
[Date "2015.07.30"]
[Round "7"]
[White "Schmitt, Carsten1"]
[Black "Nielsen, Lars Aaes"]
[Result "0-1"]
[WhiteElo "1988"]
[BlackElo "2201"]
[PlyCount "60"]
[EventDate "2015.07.25"]
[EventType "swiss"]
[EventRounds "10"]
[EventCountry "DEN"]
[Source "ChessBase"]
[SourceDate "2015.09.14"]

1. c4 e6 2. g3 d5 3. Bg2 Nf6 4. Nf3 d4 5. O-O c5 6. e3 Nc6 7. exd4 cxd4 8. a3
a5 9. d3 Bd6 10. Bg5 h6 11. Bxf6 Qxf6 12. Nbd2 Qe7 13. Nb3 e5 14. Re1 Be6 15.
Rc1 O-O 16. c5 Bc7 17. Nbd2 Rad8 18. Nc4 f6 19. Nh4 Qf7 20. Be4 Ne7 21. Nd6
Bxd6 22. cxd6 Rxd6 23. Rc7 Rd7 24. Rxd7 Bxd7 25. Bxb7 Rb8 26. Qf3 g5 27. Ng2 g4
28. Qe4 Bf5 29. Bd5 Qxd5 30. Qxd5+ Nxd5 0-1

[Event "37. Copenhagen Open (Politiken Cup)"]
[Site "Elsinore"]
[Date "2015.07.30"]
[Round "7"]
[White "Shankland, Samuel L"]
[Black "Hector, Jonny"]
[Result "1-0"]
[WhiteElo "2656"]
[BlackElo "2485"]
[PlyCount "59"]
[EventDate "2015.07.25"]
[EventType "swiss"]
[EventRounds "10"]
[EventCountry "DEN"]
[Source "ChessBase"]
[SourceDate "2015.09.14"]

1. d4 d5 2. c4 c6 3. Nf3 Nf6 4. Nc3 dxc4 5. a4 Bf5 6. Ne5 Na6 7. e3 Nb4 8. Bxc4
e6 9. O-O Bd6 10. Qe2 h6 11. e4 Bh7 12. Bf4 O-O 13. Rad1 Qe7 14. Bg3 a6 15. Bh4
g5 16. Bg3 b5 17. axb5 axb5 18. Bb3 Nd7 19. Nxd7 Qxd7 20. f4 Be7 21. fxg5 hxg5
22. Be5 f6 23. Qg4 Nd5 24. exd5 fxe5 25. dxc6 Rxf1+ 26. Rxf1 Qxd4+ 27. Qxd4
exd4 28. Bxe6+ Kh8 29. Nd5 Bd3 30. Nxe7 1-0

[Event "37. Copenhagen Open (Politiken Cup)"]
[Site "Elsinore"]
[Date "2015.07.30"]
[Round "7"]
[White "Shehzad, Shazil"]
[Black "Andersen, Johnny"]
[Result "1/2-1/2"]
[WhiteElo "1479"]
[BlackElo "1795"]
[PlyCount "27"]
[EventDate "2015.07.25"]
[EventType "swiss"]
[EventRounds "10"]
[EventCountry "DEN"]
[Source "ChessBase"]
[SourceDate "2015.09.14"]

1. e4 e6 2. d4 d5 3. exd5 exd5 4. Nc3 Bb4 5. Nf3 Nf6 6. Bg5 O-O 7. Be2 Bf5 8.
O-O Bxc3 9. bxc3 Qd6 10. Bxf6 Qxf6 11. Ne5 Nd7 12. f4 Nb6 13. Bf3 Qd6 14. Bg4
1/2-1/2

[Event "37. Copenhagen Open (Politiken Cup)"]
[Site "Elsinore"]
[Date "2015.07.30"]
[Round "7"]
[White "Sigeman, Johan"]
[Black "Rydstrom, Tom"]
[Result "1/2-1/2"]
[WhiteElo "2138"]
[BlackElo "2346"]
[PlyCount "182"]
[EventDate "2015.07.25"]
[EventType "swiss"]
[EventRounds "10"]
[EventCountry "DEN"]
[Source "ChessBase"]
[SourceDate "2015.09.14"]

1. d4 Nf6 2. c4 e6 3. Nc3 d5 4. cxd5 exd5 5. Bg5 Be7 6. e3 c6 7. Bd3 Nbd7 8.
Nge2 O-O 9. O-O Re8 10. Qc2 h6 11. Bh4 b5 12. Bg3 Nb6 13. a4 b4 14. Nb1 Bd7 15.
a5 Nc8 16. Nd2 Nd6 17. h3 Bf8 18. Bh4 Be7 19. Bg3 Qc8 20. Rfc1 Bf8 21. Nb3 Nfe4
22. Bh2 Qd8 23. Nf4 Qe7 24. Re1 Rac8 25. f3 Nf6 26. g4 g6 27. Nc5 Bg7 28. Re2
Nb5 29. Qd2 Nh7 30. Bxb5 cxb5 31. Nxd5 Qd8 32. Nxb4 Bc6 33. Nxc6 Rxc6 34. Kg2
Qd5 35. h4 f5 36. e4 fxe4 37. Nxe4 Rd8 38. Bg1 Rc4 39. Nc3 Qd7 40. b3 Rcc8 41.
Rae1 Qc6 42. Ne4 Rd5 43. Be3 Rcd8 44. Rc1 Qe6 45. Nc3 R5d7 46. Bxh6 Qxb3 47.
Bxg7 Kxg7 48. d5 b4 49. Qd4+ Kg8 50. Ne4 Rf7 51. Nd2 Qa3 52. Ra1 Qc3 53. Qxc3
bxc3 54. Ne4 Rxd5 55. Rc2 Nf8 56. Rxc3 Ne6 57. a6 Nf4+ 58. Kh2 Ne2 59. Re3 Nd4
60. Ng5 Rc7 61. Rae1 Rdd7 62. Re8+ Kg7 63. Ne6+ Nxe6 64. R1xe6 Kf7 65. Re4 Rc6
66. Rh8 Kg7 67. Ree8 Rxa6 68. Reg8+ Kf6 69. Rh6 Rd2+ 70. Kg3 Kf7 71. Rhh8 Rd3
72. Rf8+ Kg7 73. Rhg8+ Kh7 74. Rc8 Raa3 75. Rgf8 Kg7 76. g5 Rd7 77. Rg8+ Kh7
78. Rh8+ Kg7 79. h5 gxh5 80. Rcg8+ Kf7 81. Rh7+ Kxg8 82. Rxd7 a5 83. g6 h4+ 84.
Kg4 h3 85. Rh7 h2 86. Rxh2 Kg7 87. Kg5 Rxf3 88. Rh7+ Kg8 89. Ra7 Ra3 90. Ra8+
Kg7 91. Ra7+ Kg8 1/2-1/2

[Event "37. Copenhagen Open (Politiken Cup)"]
[Site "Elsinore"]
[Date "2015.07.30"]
[Round "7"]
[White "Sjodahl, Pontus"]
[Black "Roe, Simon J"]
[Result "1/2-1/2"]
[WhiteElo "2425"]
[BlackElo "2240"]
[PlyCount "87"]
[EventDate "2015.07.25"]
[EventType "swiss"]
[EventRounds "10"]
[EventCountry "DEN"]
[Source "ChessBase"]
[SourceDate "2015.09.14"]

1. d4 Nf6 2. c4 c5 3. d5 b5 4. cxb5 a6 5. bxa6 g6 6. Nc3 Bxa6 7. e4 Bxf1 8.
Kxf1 d6 9. Nf3 Bg7 10. g3 Nbd7 11. Kg2 O-O 12. Qc2 Qb6 13. Re1 Qb7 14. a4 Rfb8
15. Nb5 Ne8 16. Bg5 Nb6 17. Ra3 Nxa4 18. Rxa4 Rxa4 19. Qxa4 Qxb5 20. Qxb5 Rxb5
21. Bxe7 Rb7 22. Bg5 Rxb2 23. e5 Bxe5 24. Nxe5 dxe5 25. Rxe5 Nd6 26. Re7 f5 27.
Bh6 Rb7 28. Re6 Rd7 29. Be3 Kf7 30. Bxc5 Ne4 31. Rc6 Rxd5 32. Rc7+ Ke6 33. Be3
Rd7 34. Rc6+ Kf7 35. f3 Nf6 36. h3 Nd5 37. Bh6 Nc7 38. g4 fxg4 39. hxg4 Ne6 40.
Be3 Rd5 41. Ra6 h5 42. Ra7+ Kf6 43. gxh5 Rxh5 44. Ra6 1/2-1/2

[Event "37. Copenhagen Open (Politiken Cup)"]
[Site "Elsinore"]
[Date "2015.07.30"]
[Round "7"]
[White "Ski, Jonathan K"]
[Black "Narheim, Mats"]
[Result "1-0"]
[WhiteElo "1549"]
[BlackElo "1264"]
[PlyCount "87"]
[EventDate "2015.07.25"]
[EventType "swiss"]
[EventRounds "10"]
[EventCountry "DEN"]
[Source "ChessBase"]
[SourceDate "2015.09.14"]

1. d4 d5 2. c4 e6 3. cxd5 exd5 4. Nc3 Nf6 5. Nf3 Bb4 6. a3 Bxc3+ 7. bxc3 O-O 8.
Bg5 Nc6 9. Ne5 Qd6 10. Nxc6 Qxc6 11. Bxf6 Qxf6 12. e3 c5 13. Be2 cxd4 14. cxd4
Be6 15. O-O Qg6 16. Re1 f5 17. f4 Qf6 18. Bf3 g5 19. fxg5 Qxg5 20. Qb3 Rf7 21.
Bxd5 Bxd5 22. Qxd5 Re8 23. Qf3 Rfe7 24. Kf2 Kh8 25. Qg3 Qf6 26. Rad1 Rg8 27.
Qf3 Qh4+ 28. Ke2 f4 29. Kd3 fxe3 30. Rxe3 Rd7 31. Qe4 Qg5 32. Qe5+ Qxe5 33.
Rxe5 Rxg2 34. h3 Kg7 35. Rde1 Rg3+ 36. R1e3 Rxe3+ 37. Rxe3 Kg6 38. Kc4 Kf6 39.
d5 b6 40. a4 a5 41. Kd4 Kf5 42. Rf3+ Kg5 43. Ke5 Rd8 44. d6 1-0

[Event "37. Copenhagen Open (Politiken Cup)"]
[Site "Elsinore"]
[Date "2015.07.30"]
[Round "7"]
[White "Skjoldager, Mikael"]
[Black "Christensen, Bo Garner"]
[Result "1-0"]
[WhiteElo "2056"]
[BlackElo "2215"]
[PlyCount "135"]
[EventDate "2015.07.25"]
[EventType "swiss"]
[EventRounds "10"]
[EventCountry "DEN"]
[Source "ChessBase"]
[SourceDate "2015.09.14"]

1. d4 Nf6 2. c4 g6 3. Nc3 Bg7 4. e4 d6 5. Nf3 O-O 6. Be2 e5 7. O-O Nc6 8. d5
Ne7 9. b4 a5 10. Ba3 b6 11. Ne1 Ne8 12. bxa5 Rxa5 13. Bb4 Ra8 14. a4 f5 15. f3
f4 16. Nd3 g5 17. a5 bxa5 18. Rxa5 Rb8 19. Rb5 Bd7 20. Rxb8 Qxb8 21. c5 h5 22.
Kh1 Rf7 23. c6 Bc8 24. Qa4 Qb6 25. Ra1 g4 26. Qa7 gxf3 27. Bxf3 Qxa7 28. Rxa7
Bg4 29. Nb5 Ng6 30. Ra8 Rf8 31. Ba5 Nh4 32. Ne1 Nxf3 33. gxf3 Bh3 34. Nxc7 Nxc7
35. Rxf8+ Kxf8 36. Bxc7 Ke7 37. Kg1 h4 38. Nc2 Bc8 39. Nb4 h3 40. Bb6 Bf6 41.
c7 Bh4 42. Nc6+ Kd7 43. Nb8+ Ke8 44. Bf2 Bg5 45. Kf1 Bf6 46. Ke1 Bg5 47. Kd2
Bf6 48. Kc2 Bg5 49. Kb3 Bf6 50. Kb4 Bd8 51. cxd8=Q+ Kxd8 52. Ka5 Kc7 53. Na6+
Kb7 54. Nb4 Bd7 55. Bh4 Be8 56. Nd3 Bh5 57. Ne1 Be8 58. Kb4 Bh5 59. Kc3 Be8 60.
Kd2 Bb5 61. Nd3 Kc7 62. Nf2 Bd7 63. Ng4 Bb5 64. Nh6 Be8 65. Ke2 Bg6 66. Be1 Kd8
67. Bb4 Ke7 68. Ng4 1-0

[Event "37. Copenhagen Open (Politiken Cup)"]
[Site "Elsinore"]
[Date "2015.07.30"]
[Round "7"]
[White "Skjoldager, Per"]
[Black "Jepson, Christian"]
[Result "0-1"]
[WhiteElo "2170"]
[BlackElo "2428"]
[PlyCount "124"]
[EventDate "2015.07.25"]
[EventType "swiss"]
[EventRounds "10"]
[EventCountry "DEN"]
[Source "ChessBase"]
[SourceDate "2015.09.14"]

1. e4 e5 2. Nf3 Nc6 3. Bc4 Nf6 4. d3 h6 5. Nbd2 d6 6. a3 g6 7. Nf1 d5 8. exd5
Nxd5 9. Ng3 Bg7 10. O-O O-O 11. Re1 Kh8 12. Bd2 f5 13. Bb3 f4 14. Ne4 Bg4 15.
c4 Nde7 16. Bc3 Nf5 17. Qb1 Bxf3 18. gxf3 Nh4 19. Bd1 Qd7 20. Kh1 Qh3 21. Rg1
Rf5 22. Be2 Nxf3 23. Bxf3 Qxf3+ 24. Rg2 g5 25. Qd1 Qxd1+ 26. Rxd1 f3 27. Rg4
Rd8 28. h4 Rf4 29. Rxf4 exf4 30. hxg5 Bxc3 31. bxc3 Ne5 32. d4 Nxc4 33. gxh6
Rd5 34. Rd3 Ne5 35. Rd2 Nc4 36. Rd3 Rh5+ 37. Kg1 Rxh6 38. Rxf3 Rh4 39. a4 b6
40. Kf1 Kg7 41. Ke2 Kg6 42. Nd2 Nxd2 43. Kxd2 Kf5 44. Rd3 Rh2 45. Ke2 Ke4 46.
Rd2 Rh3 47. Rc2 f3+ 48. Kd2 Rh1 49. c4 Kxd4 50. c5 bxc5 51. Rb2 Rf1 52. Rb7
Rxf2+ 53. Ke1 Ra2 54. Rxc7 Rxa4 55. Kf2 Ra3 56. Rd7+ Kc4 57. Rb7 a5 58. Rb8 Rb3
59. Ra8 Kb4 60. Rb8+ Ka3 61. Rc8 Rc3 62. Rb8 a4 0-1

[Event "37. Copenhagen Open (Politiken Cup)"]
[Site "Elsinore"]
[Date "2015.07.30"]
[Round "7"]
[White "Skovgaard, Andreas"]
[Black "Hansen, Ib Lynaes"]
[Result "1-0"]
[WhiteElo "1649"]
[BlackElo "1819"]
[PlyCount "115"]
[EventDate "2015.07.25"]
[EventType "swiss"]
[EventRounds "10"]
[EventCountry "DEN"]
[Source "ChessBase"]
[SourceDate "2015.09.14"]

1. e4 d5 2. exd5 c6 3. dxc6 e5 4. cxb7 Bxb7 5. Bb5+ Nd7 6. Nf3 Bd6 7. d3 Ne7 8.
O-O O-O 9. Bg5 f6 10. Bh4 Nb6 11. Nc3 Rc8 12. Ne4 Bb8 13. Ned2 Qc7 14. c3 Nf5
15. Bg3 Nxg3 16. hxg3 Rcd8 17. Re1 Kh8 18. d4 a6 19. Bd3 Ba7 20. Qc2 g6 21.
dxe5 f5 22. Nd4 Rde8 23. N2f3 Nc4 24. Ng5 Bc8 25. e6 Re7 26. Qe2 Nd6 27. Qe5+
Kg8 28. Qf4 Bb7 29. Rad1 Bb8 30. Qh4 Nb5 31. Nf7 Nxd4 32. cxd4 Qc6 33. d5 Qxd5
34. Be4 Qxe6 35. Nh6+ Kg7 36. Bxb7 Qxe1+ 37. Rxe1 Rxe1+ 38. Kh2 f4 39. Bxa6 Re5
40. g4 g5 41. Qh5 f3 42. Kh3 Rf6 43. Nf5+ Rexf5 44. gxf5 Rh6 45. Qxh6+ Kxh6 46.
gxf3 Kg7 47. Bc4 h5 48. b4 Kf6 49. Bd3 Ke5 50. b5 Kd4 51. f6 Bd6 52. f7 Kc5 53.
a4 Kb6 54. Bf5 Be7 55. Kg2 Bb4 56. Bg6 h4 57. Bf5 Kc7 58. a5 1-0

[Event "37. Copenhagen Open (Politiken Cup)"]
[Site "Elsinore"]
[Date "2015.07.30"]
[Round "7"]
[White "Skovgaard, Ib"]
[Black "Eriksson, Christian Altenburg"]
[Result "0-1"]
[WhiteElo "2031"]
[BlackElo "2175"]
[PlyCount "56"]
[EventDate "2015.07.25"]
[EventType "swiss"]
[EventRounds "10"]
[EventCountry "DEN"]
[Source "ChessBase"]
[SourceDate "2015.09.14"]

1. e4 c5 2. Nf3 Nc6 3. d4 cxd4 4. Nxd4 e5 5. Nb5 d6 6. N1c3 a6 7. Bg5 Nf6 8.
Na3 Be7 9. Bxf6 Bxf6 10. Nc4 Be7 11. Ne3 Be6 12. Bc4 O-O 13. O-O Bg5 14. Bxe6
fxe6 15. Qg4 Qe7 16. Rad1 Rf4 17. Qg3 Nd4 18. Kh1 Rh4 19. Ncd5 exd5 20. Nxd5
Qd8 21. Rxd4 exd4 22. f4 Be7 23. f5 Bf6 24. Qb3 Kh8 25. g3 Rxe4 26. Qf3 Re5 27.
Nf4 Qe8 28. g4 Qc6 0-1

[Event "37. Copenhagen Open (Politiken Cup)"]
[Site "Elsinore"]
[Date "2015.07.30"]
[Round "7"]
[White "Slettebo, Jan"]
[Black "Levrand, Roland"]
[Result "0-1"]
[WhiteElo "2006"]
[BlackElo "2146"]
[PlyCount "95"]
[EventDate "2015.07.25"]
[EventType "swiss"]
[EventRounds "10"]
[EventCountry "DEN"]
[Source "ChessBase"]
[SourceDate "2015.09.14"]

1. e4 c5 2. Nf3 d6 3. Bb5+ Nd7 4. d4 Ngf6 5. Nc3 cxd4 6. Qxd4 e5 7. Qd3 h6 8.
Bc4 a6 9. a4 Be7 10. O-O O-O 11. Rd1 Qc7 12. Qe2 Nc5 13. h3 Bd7 14. a5 Bc6 15.
Nd5 Nxd5 16. Bxd5 Rac8 17. Nh2 Bxd5 18. Rxd5 Ne6 19. c3 Qc4 20. Qxc4 Rxc4 21.
f3 f5 22. exf5 Rxf5 23. Ng4 Rf8 24. Ne3 Rc6 25. Rd1 Kf7 26. Nd5 Nc5 27. Be3 Ke6
28. f4 e4 29. Nb4 Rcc8 30. g4 Bd8 31. f5+ Kd7 32. Bf4 Bc7 33. Rd5 Rce8 34. Rad1
Kc8 35. Bxd6 Bxd6 36. Rxd6 e3 37. R6d5 Ne4 38. Re1 Ng5 39. Kg2 Re4 40. Re2 h5
41. gxh5 Rh8 42. Rd3 Re5 43. Rexe3 Rxf5 44. Nd5 Kb8 45. Re7 Nf7 46. b4 Rd8 47.
c4 Ne5 48. Re3 0-1

[Event "37. Copenhagen Open (Politiken Cup)"]
[Site "Elsinore"]
[Date "2015.07.30"]
[Round "7"]
[White "Smeby, Ole"]
[Black "Madsen, Dennis"]
[Result "1-0"]
[WhiteElo "1895"]
[BlackElo "1678"]
[PlyCount "43"]
[EventDate "2015.07.25"]
[EventType "swiss"]
[EventRounds "10"]
[EventCountry "DEN"]
[Source "ChessBase"]
[SourceDate "2015.09.14"]

1. d4 g6 2. c4 Bg7 3. Nc3 d6 4. e4 Nh6 5. Be2 O-O 6. Be3 f5 7. Qd2 Nf7 8. f3 e5
9. O-O-O a6 10. h4 b5 11. cxb5 axb5 12. Bxb5 c6 13. Bc4 fxe4 14. fxe4 d5 15.
exd5 Nd6 16. Bb3 Kh8 17. dxe5 Bxe5 18. Nf3 Qf6 19. Nxe5 Nf5 20. Nf3 cxd5 21.
Bd4 Nxd4 22. Qxd4 1-0

[Event "37. Copenhagen Open (Politiken Cup)"]
[Site "Elsinore"]
[Date "2015.07.30"]
[Round "7"]
[White "Smith, Thijmen"]
[Black "Bengtsson, Tage"]
[Result "1-0"]
[WhiteElo "2252"]
[BlackElo "2076"]
[PlyCount "109"]
[EventDate "2015.07.25"]
[EventType "swiss"]
[EventRounds "10"]
[EventCountry "DEN"]
[Source "ChessBase"]
[SourceDate "2015.09.14"]

1. e4 c6 2. c4 e5 3. Nf3 d6 4. Nc3 Nd7 5. d4 Ngf6 6. Be2 Be7 7. O-O O-O 8. h3
Re8 9. Re1 Qc7 10. Bf1 Nf8 11. Be3 Ng6 12. Qd2 Nd7 13. Rad1 Ndf8 14. Qc2 Nh4
15. Nxh4 Bxh4 16. g3 Bf6 17. Kh2 exd4 18. Bxd4 Bxd4 19. Rxd4 Ng6 20. Red1 Ne5
21. Rxd6 Be6 22. c5 Qa5 23. f4 Nc4 24. Bxc4 Bxc4 25. Qf2 f6 26. Qd4 Bf7 27. a3
Bb3 28. Rd2 Re7 29. Rd8+ Rxd8 30. Qxd8+ Qxd8 31. Rxd8+ Kf7 32. Kg2 Rc7 33. Kf3
Be6 34. f5 Bb3 35. Ke3 Re7 36. g4 h6 37. Ne2 Bd5 38. Nc3 Bb3 39. Rd4 Ke8 40.
Rb4 Bf7 41. Rd4 Bb3 42. Ne2 Bg8 43. Nf4 Bf7 44. Rd6 Rc7 45. Kd4 b6 46. Nd3 Ke7
47. b4 Be8 48. e5 b5 49. exf6+ gxf6 50. Nf2 a5 51. Ne4 axb4 52. axb4 Rd7 53.
Ke3 Rxd6 54. cxd6+ Kf7 55. Kd4 1-0

[Event "37. Copenhagen Open (Politiken Cup)"]
[Site "Elsinore"]
[Date "2015.07.30"]
[Round "7"]
[White "Solberg, Joachim"]
[Black "Chabanon, Jean Luc"]
[Result "1/2-1/2"]
[WhiteElo "2270"]
[BlackElo "2493"]
[PlyCount "80"]
[EventDate "2015.07.25"]
[EventType "swiss"]
[EventRounds "10"]
[EventCountry "DEN"]
[Source "ChessBase"]
[SourceDate "2015.09.14"]

1. e4 c6 2. c4 d5 3. cxd5 cxd5 4. exd5 Nf6 5. Nc3 Nxd5 6. Nf3 Nc6 7. d4 Bg4 8.
Qb3 Bxf3 9. gxf3 e6 10. Qxb7 Nxd4 11. Bb5+ Nxb5 12. Qc6+ Ke7 13. Qxb5 Nxc3 14.
bxc3 Qd5 15. Qxd5 exd5 16. Rb1 Kf6 17. Rb5 Bd6 18. Rxd5 Be5 19. O-O Rhc8 20.
Be3 Bxc3 21. Rd7 a5 22. Rfd1 Ra6 23. Rb7 Kg6 24. Rc1 Rcc6 25. Kh1 h6 26. Ra7
Rxa7 27. Bxa7 Ra6 28. Rxc3 Rxa7 29. a4 Kf5 30. Rc5+ Kf4 31. Kg2 Ra6 32. Rc4+
Ke5 33. Rc7 Rg6+ 34. Kf1 Ke6 35. Ra7 Rg5 36. Ra6+ Kd7 37. Ra7+ Ke6 38. Ra6+ Kd7
39. Ra7+ Ke6 40. Ra6+ Kd7 1/2-1/2

[Event "37. Copenhagen Open (Politiken Cup)"]
[Site "Elsinore"]
[Date "2015.07.30"]
[Round "7"]
[White "Sorensen, Dick"]
[Black "Huse, Sigurd Kjelsbol"]
[Result "1/2-1/2"]
[WhiteElo "1911"]
[BlackElo "1715"]
[PlyCount "41"]
[EventDate "2015.07.25"]
[EventType "swiss"]
[EventRounds "10"]
[EventCountry "DEN"]
[Source "ChessBase"]
[SourceDate "2015.09.14"]

1. d4 d5 2. Nf3 Nf6 3. c4 e6 4. Nc3 c6 5. e3 Bb4 6. Bd3 O-O 7. O-O Nbd7 8. cxd5
exd5 9. Qc2 Nb6 10. Ne5 Re8 11. f4 c5 12. Qf2 cxd4 13. exd4 Bxc3 14. bxc3 Ne4
15. Qf3 f6 16. Ng4 Nxc3 17. f5 Ne4 18. Be3 Bd7 19. h4 h6 20. Bxh6 Re7 21. Be3
1/2-1/2